The Six Sigma Handbook: Revised and Expanded : A COmplete Guide for Green Belts, Black Velts, and Managers at All Levels

Na minha lista:
Detalhes bibliográficos
Autor principal: Pyzdek, Thomas (Author)
Formato: Livro
Idioma:inglês
Publicado em: New York : McGraw-Hill, 2003
Edição:1. Edition
Assuntos:
Tags: Adicionar Tag
Sem tags, seja o primeiro a adicionar uma tag!

MARC

LEADER 00000nam a22000003a 4500
001 stu89795
005 20150617225627.8
008 040902s2003----xxu-----------------eng-d
020 |a 0-07-141015-5 
040 |a STU  |b slo 
041 0 |a eng 
044 |a xxu 
080 |a 65.012 
100 1 |a Pyzdek, Thomas  |4 aut 
245 1 |a The Six Sigma Handbook: Revised and Expanded :  |b A COmplete Guide for Green Belts, Black Velts, and Managers at All Levels 
250 |a 1. Edition 
260 |a New York :  |b McGraw-Hill,  |c 2003 
300 |a 830 s 
650 7 |a kvalita výroby  |2 stusub 
996 |b 284J022014  |c J*102500  |l JJSK  |s A  |a 24  |w stu89795_0001